000
00285nam a2200109Ia 4500
100
_a
Saint, Tarun K.
245
0
_a
Witnessing Partition : Memory, History, Fiction
264
_b
Routledge
_c
2010
300
_a
341
942
_c
IR
999
_c
120753
_d
120753